书目信息 |
| 题名: |
FoxPro2.5命令与函数范例解析
|
|
| 作者: | 章立民 编著 ;北京科海培训中心 改编 | |
| 分册: | ||
| 出版信息: | 北京 清华大学出版社 1993.12 |
|
| 页数: | 540页 | |
| 开本: | 26cm | |
| 丛书名: | ||
| 单 册: | ||
| 中图分类: | TP311.13 | |
| 科图分类: | 73.87221 | |
| 主题词: | 微型计算机-数据库管理系统,FoxPro2.5 , 数据库管理系统,FoxPro2.5-微型计算机 | |
| 电子资源: | ||
| ISBN: | 7-302-01462-0 | |
| 000 | 01081nam0 2200289 45 | |
| 001 | 0194031766 | |
| 005 | 20070712153846.28 | |
| 010 | @a7-302-01462-0@dCNY48.00 | |
| 100 | @a19940723e19941993em y0chiy0121 ea | |
| 101 | 0 | @achi |
| 102 | @aCN@b110000 | |
| 105 | @ay z 000yy | |
| 200 | 10 | @aFoxPro2.5命令与函数范例解析@AFoxPro2.5 MING LING YU HAN SHU FAN LI JIE XI@f章立民编著@FZHANG LI MIN BIAN ZHU@g科培改编 |
| 210 | @a北京@c清华大学出版社@d1993.12@h1994.5重印 | |
| 215 | @a540页@d26cm | |
| 300 | @a本书中文简体字版经松岗公司授权北京科海培训中心改编并与清华大学出版社合作出版 | |
| 300 | @a改编者全称:北京科海培训中心 | |
| 304 | @a章立民,[台湾松岗电脑图书资料股份有限公司任职] | |
| 540 | 1 | @aFoxPro 命令 函数@AFoxPro MING LING HAN SHU |
| 606 | @a微型计算机-数据库管理系统,FoxPro2.5 | |
| 606 | @a数据库管理系统,FoxPro2.5-微型计算机 | |
| 690 | @aTP311.13@v三版 | |
| 692 | @a73.87221 | |
| 701 | 0 | @a章立民@AZHANG LI MIN@4编著 |
| 712 | 02 | @a北京科海培训中心@ABEI JING KE HAI PEI XUN ZHONG XIN@4改编 |
| 801 | 0 | @aCN@bNLC@c20070712 |
| 905 | @a10447@dTP311.13@e416 | |
| FoxPro2.5命令与函数范例解析/章立民编著/科培改编.-北京:清华大学出版社,1993.12(1994.5重印) |
| 540页;26cm |
| 本书中文简体字版经松岗公司授权北京科海培训中心改编并与清华大学出版社合作出版.-改编者全称:北京科海培训中心 |
| ISBN 7-302-01462-0:CNY48.00 |
| ● |
| 相关链接 |
|
|
|
|
正题名:FoxPro2.5命令与函数范例解析
索取号:TP311.13/416
 
预约/预借
| 序号 | 登录号 | 条形码 | 馆藏地/架位号 | 状态 | 备注 |
| 1 | 0765511 | 207655116 | 第二样本阅览室/ [索取号:TP311.13/416] | 在馆 |